| 000 | 00938nam a2200229 a 4500 | ||
|---|---|---|---|
| 001 | 000017027 | ||
| 005 | 20250401130908.0 | ||
| 008 | 100316s1994 dr 000 0 spa d | ||
| 040 |
_aDO-SdBNP _bspa _cBNPHU |
||
| 082 |
_axxxx _bF438f |
||
| 100 | 1 |
_aFiallo Billini, José Antonio _937577 |
|
| 245 | 1 | 0 |
_aFilosofía de la educación dominicana, diagnóstico y nuevos paradigmas / _cJosé Antonio Fiallo Billini, Alejandrina Germán de Sosa. |
| 260 |
_aSanto Domingo : _bPNUD _bSecretaría de Estado de Educación, Bellas Artes y Culto, _c1994. |
||
| 300 |
_a179 p. ; _c25 cm. |
||
| 490 | 1 |
_aPolíticas educativas _vv. 3 |
|
| 500 | _aA la cabeza de la portada República Dominicana. Plan Decenal de Educación | ||
| 504 | _aIncluye bibliografías | ||
| 700 | 1 |
_aGermán Sosa, Alejandrina de _937578 |
|
| 710 | 2 |
_aPrograma de las Naciones Unidas para el Desarrollo _9187 |
|
| 830 | 0 |
_aPolíticas educativas _nno. 3 _937579 |
|
| 049 | _aBNPD | ||
| 999 |
_c16553 _d16553 |
||